Acta VŠFS ekonomické studie a analýzy = economic studies and analyses

Salvato in:
Dettagli Bibliografici
Natura: Periodico
Lingua:ceco
Pubblicazione: Praha 10 Vysoká škola finanční a správní 2008
Tags: Aggiungi Tag
Nessun Tag, puoi essere il primo ad aggiungerne!!

MARC

LEADER 00000nas2a2200000 4500
001 0082795
005 20220729102733.9
022 |a 1802-792X 
041 0 |a cze 
044 |a CZ 
245 1 0 |a Acta VŠFS  |b ekonomické studie a analýzy = economic studies and analyses 
264 1 |a Praha 10  |b Vysoká škola finanční a správní  |c 2008 
773 0 |w eu_un_cat*0072294 
774 0 |w eu_un_cat*0147400